[Event "Ostroda op"]
[Site "Ostroda"]
[Date "2008.08.07"]
[Round "6"]
[White "Zmarzly, Aleksandra"]
[Black "Golinski, Damian"]
[Result "1-0"]
[WhiteElo "1929"]
[BlackElo "1898"]
[PlyCount "69"]
[EventDate "2008.08.04"]
[EventType "swiss"]
[EventRounds "9"]
[EventCountry "POL"]
[SourceTitle "CBM 126 Extra"]
[Source "ChessBase"]
[SourceDate "2008.11.05"]
[SourceVersion "1"]
[SourceVersionDate "2008.11.05"]
[SourceQuality "1"]

1. e4 e5 2. Nf3 Nc6 3. Bb5 a6 4. Bxc6 dxc6 5. Nc3 Bd6 6. d4 Bg4 7. dxe5 Bxf3 8. Qxf3 Bxe5 9. Bf4 Qf6 10. Bxe5 Qxe5 11. 0-0-0 Nf6 12. g3 b5 13. Rhe1 a5 14. Qd3 0-0 15. f4 Qc5 16. h3 a4 17. e5 Ne8 18. Ne4 Qe7 19. Qd7 Qb4 20. Qd4 Qa5 21. Nc5 Kh8 22. a3 Rg8 23. g4 Rb8 24. c3 f6 25. Rf1 Qa8 26. g5 fxg5 27. fxg5 Rb6 28. h4 Qc8 29. Rf3 g6 30. e6+ Ng7 31. e7 Rb8 32. Rdf1 Qe8 33. Rf7 Rc8 34. Ne6 c5 35. Qf6 1-0

[Event "Ostroda op"]
[Site "Ostroda"]
[Date "2008.08.06"]
[Round "4"]
[White "Golinski, Damian"]
[Black "Puczylowski, Marcin"]
[Result "0-1"]
[WhiteElo "1898"]
[BlackElo "1958"]
[PlyCount "80"]
[EventDate "2008.08.04"]
[EventType "swiss"]
[EventRounds "9"]
[EventCountry "POL"]
[SourceTitle "CBM 126 Extra"]
[Source "ChessBase"]
[SourceDate "2008.11.05"]
[SourceVersion "1"]
[SourceVersionDate "2008.11.05"]
[SourceQuality "1"]

1. e4 e6 2. d4 d5 3. Nd2 Nf6 4. e5 Nfd7 5. Bd3 c5 6. c3 Nc6 7. Ne2 cxd4 8. cxd4 f6 9. exf6 Nxf6 10. Nf3 Bd6 11. 0-0 0-0 12. Bg5 Qc7 13. Ng3 Ng4 14. h3 Nxf2 15. Rxf2 Bxg3 16. Rf1 h6 17. Be3 Bd7 18. Bb1 Ne7 19. Bf2 Nf5 20. Bxg3 Qxg3 21. Qe2 Rae8 22. Bxf5 exf5 23. Ne5 f4 24. Rf3 Qg5 25. Qd2 Rxe5 26. dxe5 Qxe5 27. Re1 Qd6 28. Qd4 Bc6 29. b4 g5 30. Qe5 Rf6 31. Qxd6 Rxd6 32. Ra3 Kf7 33. Rxa7 d4 34. Rd1 d3 35. Kf2 Ke6 36. Ra3 Bb5 37. Rc3 d2 38. Ra3 Ke5 39. Ra7 Ke4 40. Rxb7 Kd3 0-1

[Event "POL-chT U19 39th"]
[Site "Gorzow Wielkopolski"]
[Date "2008.07.12"]
[Round "8.4"]
[White "Golinski, Damian"]
[Black "Khamidov, Komil"]
[Result "1-0"]
[WhiteElo "1898"]
[BlackElo "1932"]
[PlyCount "169"]
[EventDate "2008.07.05"]
[EventType "team-tourn"]
[EventRounds "9"]
[EventCountry "POL"]
[SourceTitle "EXT 2019"]
[Source "ChessBase"]
[SourceDate "2018.10.10"]
[SourceVersion "1"]
[SourceVersionDate "2018.10.10"]
[SourceQuality "1"]
[WhiteTeam "Poznan UMKS Na Pieterku U19"]
[BlackTeam "Wroclaw KS Polonia U19"]
[WhiteTeamCountry "POL"]
[BlackTeamCountry "POL"]

1. e4 e5 2. Nf3 Nc6 3. Bc4 Nf6 4. Ng5 d5 5. exd5 Nd4 6. c3 b5 7. cxd4 bxc4 8. Qa4+ Qd7 9. Qxc4 exd4 10. Qxd4 Qxd5 11. Qxd5 Nxd5 12. 0-0 Nb4 13. Re1+ Be7 14. Na3 Nd3 15. Re3 Ba6 16. Nf3 Kf8 17. Ne5 Nxe5 18. Rxe5 Bf6 19. Re1 Rb8 20. Re3 g6 21. Rb1 Rd8 22. b4 Bg5 23. Re1 Rd6 24. b5 Bc8 25. Nc4 Re6 26. Bb2 f6 27. g3 Kf7 28. f4 Bh6 29. Bd4 a6 30. b6 cxb6 31. Nxb6 Rxe1+ 32. Rxe1 Be6 33. a4 Rd8 34. Be3 Bf8 35. Rc1 Bb4 36. Rc7+ Kg8 37. d4 Ba5 38. Rc6 Re8 39. Kf2 Bxb6 40. Rxb6 Bg4 41. Rxa6 Rc8 42. Kg2 Rc2+ 43. Bf2 Bf5 44. Kf3 Rc3+ 45. Be3 h5 46. Ra8+ Kg7 47. Ra7+ Kg8 48. Ke2 Rc2+ 49. Bd2 Bg4+ 50. Ke3 Rc8 51. Bb4 Rb8 52. Bc3 Re8+ 53. Kd3 Bf5+ 54. Kd2 Bg4 55. Kd3 Bf5+ 56. Kc4 Rc8+ 57. Kb4 Rb8+ 58. Ka5 g5 59. d5 gxf4 60. gxf4 Rd8 61. Bxf6 Rxd5+ 62. Kb4 Rd2 63. h4 Re2 64. Be5 Rh2 65. Bf6 Re2 66. Kb5 Re4 67. Be5 Re3 68. Rc7 Rh3 69. Bf6 Rf3 70. Bg5 Rb3+ 71. Ka5 Rd3 72. Ka6 Rd6+ 73. Ka7 Bd3 74. Kb8 Ra6 75. Ra7 Re6 76. a5 Bf5 77. Rc7 Ra6 78. Ra7 Re6 79. Kc7 Bd3 80. Ra8+ Kg7 81. Rd8 Be4 82. Rd7+ Kg6 83. Rd6 Kf5 84. Rxe6 Kxe6 85. a6 1-0

[Event "Wloclawek Weekend Classic 4th"]
[Site "Wloclawek"]
[Date "2008.04.02"]
[Round "1"]
[White "Golinski, Damian"]
[Black "Gawronski, Miroslaw"]
[Result "0-1"]
[WhiteElo "1920"]
[BlackElo "2250"]
[PlyCount "86"]
[EventDate "2008.04.02"]
[EventType "swiss"]
[EventRounds "5"]
[EventCountry "POL"]
[SourceTitle "EXT 2010"]
[Source "ChessBase"]
[SourceDate "2010.11.25"]
[SourceVersion "1"]
[SourceVersionDate "2010.11.25"]
[SourceQuality "1"]

1. e4 c5 2. Nf3 e6 3. b3 Nc6 4. Bb2 a6 5. d4 cxd4 6. Nxd4 Qc7 7. g3 Nf6 8. Bg2 Bb4+ 9. c3 Nxd4 10. Qxd4 Bc5 11. Qd3 h5 12. c4 h4 13. Nd2 Ng4 14. Qf3 Ne5 15. Qc3 f6 16. gxh4 Rxh4 17. Qg3 Rf4 18. 0-0 g5 19. h4 Rxh4 20. Bxe5 Qxe5 21. Qxe5 fxe5 22. Nf3 Rxe4 23. Nxg5 Rg4 24. Ne4 Be7 25. Rad1 Kd8 26. Rd3 b5 27. Rfd1 bxc4 28. bxc4 Rb8 29. Kf1 Rb4 30. Nd6 Bxd6 31. Rxd6 Kc7 32. c5 Rgd4 33. R6xd4 exd4 34. Rc1 a5 35. Be4 Ba6+ 36. Ke1 Rb2 37. Rc2 Rxc2 38. Bxc2 Kc6 39. Kd2 Kxc5 40. f4 d3 41. Ba4 Bb5 42. Bxb5 Kxb5 43. Kxd3 Kb4 0-1

[Event "Bydgoszcz Fordonski op 3rd"]
[Site "Bydgoszcz"]
[Date "2007.12.29"]
[Round "3.8"]
[White "Wisniewski, Przemyslaw"]
[Black "Golinski, Damian"]
[Result "1-0"]
[WhiteElo "2049"]
[BlackElo "1878"]
[PlyCount "106"]
[EventDate "2007.12.28"]
[EventType "swiss"]
[EventRounds "5"]
[EventCountry "POL"]
[SourceTitle "EXT 2023"]
[Source "ChessBase"]
[SourceDate "2022.10.05"]
[SourceVersion "1"]
[SourceVersionDate "2022.10.05"]
[SourceQuality "1"]

1. d4 d5 2. Nf3 Nf6 3. Bf4 e6 4. e3 c5 5. c3 Nc6 6. Be2 Bd7 7. h3 Be7 8. 0-0 0-0 9. Nbd2 h6 10. Rc1 Rc8 11. Bd3 Qb6 12. Qb3 Qa5 13. dxc5 Bxc5 14. Bb1 Rfe8 15. Ne5 Nxe5 16. Bxe5 Ba4 17. Qxb7 Bc6 18. Nb3 Qd8 19. Qa6 Bb6 20. Rfd1 Nd7 21. Bd4 e5 22. Bxb6 axb6 23. Qe2 Qg5 24. Qg4 Qxg4 25. hxg4 Nf6 26. f3 e4 27. Kf2 Re7 28. Nd4 Bd7 29. Re1 Re5 30. Rcd1 Rce8 31. Nc2 Ba4 32. Rd4 Bd7 33. Nb4 Rc8 34. Bc2 Rc7 35. Bb3 Rc5 36. Kg3 Rg5 37. Kf2 Re5 38. Red1 Be6 39. Ba4 b5 40. Bb3 Kf8 41. R1d2 Kg8 42. Bd1 Rg5 43. f4 Nxg4+ 44. Bxg4 Rxg4 45. Nxd5 f5 46. a3 Kf7 47. Nb4 Rg6 48. Rd6 Rf6 49. Nc6 Bc4 50. Ne5+ Kg8 51. Rd8+ Kh7 52. Nd7 Rfc6 53. Nxc5 Rxc5 1-0

[Event "Poznan Pocztowiec-ch op-A"]
[Site "Poznan"]
[Date "2007.10.05"]
[Round "4"]
[White "Sieciechowicz, Marcin"]
[Black "Golinski, Damian"]
[Result "0-1"]
[WhiteElo "2214"]
[BlackElo "1832"]
[PlyCount "104"]
[EventDate "2007.09.28"]
[EventType "tourn"]
[EventRounds "9"]
[EventCountry "POL"]
[SourceTitle "EXT 2023"]
[Source "ChessBase"]
[SourceDate "2022.10.05"]
[SourceVersion "1"]
[SourceVersionDate "2022.10.05"]
[SourceQuality "1"]

1. d4 d5 2. Nf3 Nf6 3. c4 dxc4 4. Nc3 e6 5. e4 Bb4 6. Bg5 h6 7. Bxf6 Qxf6 8. Qa4+ Nc6 9. Bxc4 Bd7 10. Bb5 Qg6 11. d5 Bxc3+ 12. bxc3 Qxg2 13. dxc6 Qxh1+ 14. Ke2 Qxa1 15. cxd7+ Kd8 16. Qb3 Qc1 17. Ba4 b6 18. Bc6 Rb8 19. Nd4 Qf4 20. Qa3 Qd6 21. Qa4 a5 22. Bb5 c5 23. Nc6+ Kc7 24. e5 Qd5 25. Qh4 Qxd7 26. Na7 Qd8 27. Qf4 Rf8 28. Nc6 Qd7 29. Na7 Qe7 30. Ba4 Kb7 31. Nb5 Rbd8 32. Qe4+ Kb8 33. Na3 f5 34. Qb1 Qb7 35. f3 Rd5 36. Nc4 Rfd8 37. Qb3 Rd3 38. Qxb6 Qxb6 39. Nxb6 Rd2+ 40. Ke3 Rxa2 41. Nd7+ Kc8 42. Nxc5 Rd5 43. Bb3 Ra3 44. Bxd5 exd5 45. Kd4 g5 46. e6 Kd8 47. Nd3 Ke7 48. Ne5 Kxe6 49. Nc6 Kd6 50. Nd8 Ra4+ 51. Kd3 Kd7 52. Nf7 Rh4 0-1

[Event "Poznan Pocztowiec-ch op-A"]
[Site "Poznan"]
[Date "2007.09.28"]
[Round "1"]
[White "Golinski, Damian"]
[Black "Krupa, Bartlomiej"]
[Result "0-1"]
[WhiteElo "1832"]
[BlackElo "2086"]
[PlyCount "80"]
[EventDate "2007.09.28"]
[EventType "tourn"]
[EventRounds "9"]
[EventCountry "POL"]
[SourceTitle "EXT 2023"]
[Source "ChessBase"]
[SourceDate "2022.10.05"]
[SourceVersion "1"]
[SourceVersionDate "2022.10.05"]
[SourceQuality "1"]

1. e4 c5 2. Nf3 d6 3. d4 cxd4 4. Nxd4 Nf6 5. Nc3 a6 6. h3 g6 7. g4 Bg7 8. Bg2 0-0 9. 0-0 Nfd7 10. Be3 Nc6 11. f4 Nxd4 12. Bxd4 e5 13. Be3 exf4 14. Rxf4 Ne5 15. Nd5 Be6 16. Bb6 Qg5 17. Rf2 Nc4 18. Bd4 Nxb2 19. Bxg7 Nxd1 20. Bf6 Qxd5 21. exd5 Nxf2 22. dxe6 fxe6 23. Bd4 Nxh3+ 24. Bxh3 e5 25. Bb2 Rac8 26. Rc1 Rf4 27. c3 Rf3 28. Bg2 Rg3 29. Kh2 Rxg4 30. Bh3 Rh4 31. Kg3 Rxh3+ 32. Kxh3 Kf7 33. Ba3 Ke6 34. c4 b5 35. Rd1 Rc6 36. Kg2 bxc4 37. Kf3 d5 38. Rh1 h5 39. Rg1 Kf5 40. Ke2 d4 0-1

[Event "Koszalin Region-ch ZP-WP U13"]
[Site "Koszalin"]
[Date "2007.09.19"]
[Round "5.3"]
[White "Golinski, Damian"]
[Black "Weichhold, Pawel"]
[Result "0-1"]
[WhiteElo "1832"]
[BlackElo "1952"]
[PlyCount "74"]
[EventDate "2007.09.15"]
[EventType "swiss"]
[EventRounds "9"]
[EventCountry "POL"]
[SourceTitle "EXT 2023"]
[Source "ChessBase"]
[SourceDate "2022.10.05"]
[SourceVersion "1"]
[SourceVersionDate "2022.10.05"]
[SourceQuality "1"]

1. e4 c5 2. Nf3 d6 3. d4 cxd4 4. Nxd4 Nf6 5. Nc3 g6 6. Be3 Bg7 7. Be2 0-0 8. 0-0 Nc6 9. f4 Qb6 10. Na4 Qb4 11. c3 Qa5 12. Bf3 Bd7 13. b4 Qc7 14. Rc1 Qb8 15. Nb2 a5 16. a3 axb4 17. axb4 Ra2 18. Qb3 Qa8 19. Nc4 Nxd4 20. cxd4 Ng4 21. Nb6 Ra3 22. Qb2 Qa7 23. Bxg4 Bxg4 24. Bf2 Ra2 25. Qb3 Rxf2 26. Kxf2 Qxb6 27. h3 Be6 28. Qd3 Qxd4+ 29. Qxd4 Bxd4+ 30. Kf3 b5 31. Rfd1 Bb6 32. Rc6 Rb8 33. Ra1 Bd7 34. Rc2 Bc8 35. Rc6 Bd8 36. g4 Bb7 37. Rc2 f5 0-1

[Event "Koszalin Region-ch ZP-WP U13"]
[Site "Koszalin"]
[Date "2007.09.16"]
[Round "4.2"]
[White "Musialkiewicz, Pawel"]
[Black "Golinski, Damian"]
[Result "1/2-1/2"]
[WhiteElo "1839"]
[BlackElo "1832"]
[PlyCount "58"]
[EventDate "2007.09.15"]
[EventType "swiss"]
[EventRounds "9"]
[EventCountry "POL"]
[SourceTitle "EXT 2023"]
[Source "ChessBase"]
[SourceDate "2022.10.05"]
[SourceVersion "1"]
[SourceVersionDate "2022.10.05"]
[SourceQuality "1"]

1. e4 e5 2. Nf3 Nc6 3. Bc4 Bc5 4. 0-0 Nf6 5. d3 d6 6. Nc3 0-0 7. Be3 Bxe3 8. fxe3 Be6 9. Bxe6 fxe6 10. Nd2 d5 11. exd5 Nxd5 12. Nxd5 exd5 13. e4 d4 14. Rxf8+ Qxf8 15. Qf1 Qxf1+ 16. Rxf1 Rf8 17. Rxf8+ Kxf8 18. h3 Kf7 19. Kf2 Kf6 20. Kf3 g6 21. g4 Kg5 22. Kg3 h5 23. gxh5 gxh5 24. Nf3+ Kf6 25. Nh4 Ne7 26. c3 c5 27. Kf3 Kg5 28. Ng2 Ng6 29. cxd4 cxd4 1/2-1/2

[Event "POL-chT U19 38th"]
[Site "Szklarska Poreba"]
[Date "2007.07.09"]
[Round "10"]
[White "Krzyzanowski, Marcin"]
[Black "Golinski, Damian"]
[Result "1-0"]
[WhiteElo "2210"]
[BlackElo "1832"]
[PlyCount "69"]
[EventDate "2007.07.02"]
[EventType "team-tourn"]
[EventRounds "11"]
[EventCountry "POL"]
[SourceTitle "EXT 2010"]
[Source "ChessBase"]
[SourceDate "2010.11.25"]
[SourceVersion "1"]
[SourceVersionDate "2010.11.25"]
[SourceQuality "1"]
[WhiteTeam "Rybnik MKSz U19"]
[BlackTeam "Poznan UMKS Na Pieterku U19"]
[WhiteTeamCountry "POL"]
[BlackTeamCountry "POL"]

1. e4 e5 2. Nf3 Nc6 3. Bb5 a6 4. Ba4 Nf6 5. 0-0 Bc5 6. c3 b5 7. Bb3 d6 8. a4 Rb8 9. d4 Bb6 10. axb5 axb5 11. Na3 b4 12. Nc4 Qe7 13. Nxb6 Rxb6 14. Ra8 0-0 15. d5 Nb8 16. Re1 bxc3 17. bxc3 Bg4 18. Bc4 Nbd7 19. Rxf8+ Kxf8 20. h3 Bh5 21. Ba3 Qe8 22. Bb4 Qa8 23. Qd3 c5 24. dxc6 Qxc6 25. Nd2 Nc5 26. Qe3 Na6 27. Ba3 Rb7 28. g4 Bg6 29. g5 Ne8 30. Bd5 Qb6 31. Bxb7 Qxb7 32. Nc4 Qe7 33. Rd1 Nc5 34. Nxd6 Ne6 35. Nc4 1-0

[Event "POL-chT U19 38th"]
[Site "Szklarska Poreba"]
[Date "2007.07.08"]
[Round "9"]
[White "Golinski, Damian"]
[Black "Sowul, Bartosz"]
[Result "0-1"]
[WhiteElo "1832"]
[BlackElo "1957"]
[PlyCount "80"]
[EventDate "2007.07.02"]
[EventType "team-tourn"]
[EventRounds "11"]
[EventCountry "POL"]
[SourceTitle "EXT 2010"]
[Source "ChessBase"]
[SourceDate "2010.11.25"]
[SourceVersion "1"]
[SourceVersionDate "2010.11.25"]
[SourceQuality "1"]
[WhiteTeam "Poznan UMKS Na Pieterku U19"]
[BlackTeam "Suwalki Hancza U19"]
[WhiteTeamCountry "POL"]
[BlackTeamCountry "POL"]

1. e4 c5 2. Nf3 Nf6 3. Nc3 d6 4. d4 cxd4 5. Nxd4 a6 6. h3 e6 7. g4 b5 8. a3 Bb7 9. Bg2 Be7 10. 0-0 Qc7 11. Be3 Nc6 12. f4 0-0-0 13. g5 Nd7 14. f5 Nxd4 15. Qxd4 Ne5 16. a4 b4 17. Qxb4 Nc4 18. Bf4 e5 19. Bc1 d5 20. Qb3 Na5 21. Qa2 d4 22. Nd1 Qxc2 23. Qxf7 Nb3 24. Qxe7 Nxa1 25. Qe6+ Rd7 26. f6 gxf6 27. g6 hxg6 28. Qxf6 Rhd8 29. Bg5 Qc5 30. Nf2 Rf8 31. Qe6 d3 32. b4 Qd4 33. Qa2 Nc2 34. Bd2 Rdf7 35. Be1 Nxe1 36. Rxe1 Rxf2 37. Qe6+ Kb8 38. Kh1 d2 39. Rd1 Rxg2 40. Kxg2 Qf2+ 0-1

[Event "POL-chT U19 38th"]
[Site "Szklarska Poreba"]
[Date "2007.07.07"]
[Round "7"]
[White "Golinski, Damian"]
[Black "Siwiec, Arkadiusz"]
[Result "0-1"]
[WhiteElo "1832"]
[BlackElo "2048"]
[PlyCount "90"]
[EventDate "2007.07.02"]
[EventType "team-tourn"]
[EventRounds "11"]
[EventCountry "POL"]
[SourceTitle "EXT 2010"]
[Source "ChessBase"]
[SourceDate "2010.11.25"]
[SourceVersion "1"]
[SourceVersionDate "2010.11.25"]
[SourceQuality "1"]
[WhiteTeam "Poznan UMKS Na Pieterku U19"]
[BlackTeam "Gorzow Wielkopolski Stilon U19"]
[WhiteTeamCountry "POL"]
[BlackTeamCountry "POL"]

1. e4 c5 2. Nf3 d6 3. d4 cxd4 4. Nxd4 Nf6 5. Nc3 Nc6 6. Be3 Ng4 7. Qd2 Nxe3 8. Qxe3 g6 9. Be2 Bg7 10. Nb3 0-0 11. 0-0 a6 12. a4 Be6 13. Nd2 Rc8 14. Rac1 Bd4 15. Qg3 Ne5 16. Nd1 Qa5 17. c3 Ba7 18. Ra1 Qc7 19. Ne3 Bxe3 20. Qxe3 Nc4 21. Nxc4 Bxc4 22. Bxc4 Qxc4 23. Rfd1 Qb3 24. Qe2 Rc6 25. Rd4 Rb6 26. Rd2 Rc8 27. Ra3 Qe6 28. Rd5 Rc5 29. Rd4 a5 30. h3 Rbc6 31. f3 Rg5 32. Kh1 Rcc5 33. f4 Rh5 34. Kh2 Rc6 35. f5 Qe5+ 36. g3 Rxf5 37. Rd5 Qe6 38. Rxf5 gxf5 39. Qh5 fxe4 40. Qg5+ Kf8 41. Qe3 Rc5 42. b4 axb4 43. cxb4 Rc2+ 44. Kg1 Qxh3 45. Qxe4 Qh2+ 0-1

[Event "POL-chT U19 38th"]
[Site "Szklarska Poreba"]
[Date "2007.07.04"]
[Round "4"]
[White "Golinski, Damian"]
[Black "Gabryjalowicz, Jakub"]
[Result "1-0"]
[WhiteElo "1832"]
[BlackElo "1712"]
[PlyCount "77"]
[EventDate "2007.07.02"]
[EventType "team-tourn"]
[EventRounds "11"]
[EventCountry "POL"]
[SourceTitle "EXT 2010"]
[Source "ChessBase"]
[SourceDate "2010.11.25"]
[SourceVersion "1"]
[SourceVersionDate "2010.11.25"]
[SourceQuality "1"]
[WhiteTeam "Poznan UMKS Na Pieterku U19"]
[BlackTeam "Solny Zieleniewo U19"]
[WhiteTeamCountry "POL"]
[BlackTeamCountry "POL"]

1. e4 c5 2. Nf3 Nc6 3. d4 cxd4 4. Nxd4 Nf6 5. Nc3 e5 6. Ndb5 d6 7. Bg5 a6 8. Na3 b5 9. Bxf6 gxf6 10. Nd5 f5 11. Bd3 Be6 12. c3 Bg7 13. Nc2 0-0 14. Nce3 fxe4 15. Bxe4 f5 16. Bc2 Ne7 17. Nxe7+ Qxe7 18. Bxf5 Rad8 19. Bxe6+ Qxe6 20. Qd5 Qf7 21. Rd1 Rd7 22. f3 Qxd5 23. Rxd5 Kf7 24. Ke2 Ke6 25. Rhd1 Rc8 26. g4 Bf8 27. R1d3 Rc6 28. b3 Bh6 29. Nf5 Bf8 30. h4 h6 31. Ke3 Rdc7 32. Kd2 Rd7 33. f4 exf4 34. R5d4 h5 35. Re4+ Kf6 36. Rxf4 Ke5 37. Ke3 Rb6 38. Nd4 Bh6 39. g5 1-0

[Event "POL-chT U19 38th"]
[Site "Szklarska Poreba"]
[Date "2007.07.03"]
[Round "3"]
[White "Golinski, Damian"]
[Black "Wiewiora, Eneasz"]
[Result "1-0"]
[WhiteElo "1832"]
[BlackElo "1911"]
[PlyCount "65"]
[EventDate "2007.07.02"]
[EventType "team-tourn"]
[EventRounds "11"]
[EventCountry "POL"]
[SourceTitle "EXT 2010"]
[Source "ChessBase"]
[SourceDate "2010.11.25"]
[SourceVersion "1"]
[SourceVersionDate "2010.11.25"]
[SourceQuality "1"]
[WhiteTeam "Poznan UMKS Na Pieterku U19"]
[BlackTeam "Gliwice Politechnika Slaska U19"]
[WhiteTeamCountry "POL"]
[BlackTeamCountry "POL"]

1. e4 e5 2. Nf3 Nc6 3. Bc4 Nf6 4. Ng5 d5 5. exd5 Na5 6. Bb5+ c6 7. dxc6 bxc6 8. Qf3 h6 9. Ne4 Nd5 10. Be2 Be7 11. Qg3 0-0 12. d3 Bh4 13. Qxe5 f5 14. Nec3 Nb4 15. Na3 Re8 16. Qf4 c5 17. 0-0 Qf6 18. Bh5 Re7 19. Bf3 Bb7 20. Bxb7 Nxb7 21. Qc4+ Kh8 22. g3 g5 23. gxh4 gxh4 24. Qf4 Rg8+ 25. Kh1 Qc6+ 26. f3 Rg6 27. Be3 h3 28. Rg1 Rge6 29. Rae1 Nd8 30. Rg3 Qe8 31. Reg1 Nf7 32. Bxc5 Re2 33. Nxe2 1-0

[Event "POL-ch U14"]
[Site "Turawa"]
[Date "2007.05.01"]
[Round "7"]
[White "Golinski, Damian"]
[Black "Borowicz, Przemyslaw"]
[Result "0-1"]
[WhiteElo "1828"]
[BlackElo "1926"]
[PlyCount "96"]
[EventDate "2007.04.27"]
[EventType "swiss"]
[EventRounds "10"]
[EventCountry "POL"]
[SourceTitle "EXT 2011"]
[Source "ChessBase"]
[SourceDate "2010.11.26"]
[SourceVersion "1"]
[SourceVersionDate "2010.11.26"]
[SourceQuality "1"]

1. e4 e6 2. d4 d5 3. Nd2 Nf6 4. e5 Nfd7 5. Bd3 c5 6. c3 Nc6 7. Ne2 cxd4 8. cxd4 f6 9. Nf4 Nxd4 10. Qh5+ Ke7 11. Ng6+ hxg6 12. Qxh8 Nxe5 13. Bb1 Kf7 14. 0-0 Qc7 15. Re1 Bb4 16. Qh3 Bd7 17. a3 Qa5 18. Qe3 Bxd2 19. Bxd2 Qxd2 20. Qxd2 Nef3+ 21. gxf3 Nxf3+ 22. Kg2 Nxd2 23. Bc2 Rc8 24. Rec1 Nc4 25. b3 Nd6 26. Bd3 Rxc1 27. Rxc1 f5 28. f4 Ke7 29. Kf3 Bc6 30. b4 a6 31. Bxa6 Kf6 32. Bd3 e5 33. fxe5+ Kxe5 34. h4 d4+ 35. Ke2 Kf4 36. Rg1 Be8 37. a4 Ne4 38. a5 Nc3+ 39. Kd2 Ne4+ 40. Ke1 Ke3 41. Bxe4 fxe4 42. Rg3+ Kf4 43. Rb3 Bb5 44. Rh3 e3 45. Rh1 d3 46. Rg1 d2+ 47. Kd1 Kf3 48. Kc2 Ba4+ 0-1

[Event "POL-ch U14"]
[Site "Turawa"]
[Date "2007.04.30"]
[Round "5"]
[White "Golinski, Damian"]
[Black "Solnicki, Michal"]
[Result "0-1"]
[WhiteElo "1828"]
[BlackElo "1951"]
[PlyCount "80"]
[EventDate "2007.04.27"]
[EventType "swiss"]
[EventRounds "10"]
[EventCountry "POL"]
[SourceTitle "EXT 2011"]
[Source "ChessBase"]
[SourceDate "2010.11.26"]
[SourceVersion "1"]
[SourceVersionDate "2010.11.26"]
[SourceQuality "1"]

1. e4 c5 2. Nf3 d6 3. d4 cxd4 4. Nxd4 Nf6 5. Nc3 a6 6. h3 e6 7. g4 b5 8. a3 Bb7 9. Bg2 Be7 10. 0-0 Qc7 11. f4 Nc6 12. f5 Nxd4 13. Qxd4 d5 14. Be3 e5 15. Qb6 Qxb6 16. Bxb6 d4 17. Nd5 Nxd5 18. exd5 Bd6 19. Rfe1 Kd7 20. Ba5 Rac8 21. Rac1 f6 22. h4 Bc5 23. Kf1 Kd6 24. c3 Bxd5 25. cxd4 Bxg2+ 26. Kxg2 Bxd4 27. Bb4+ Kd5 28. Red1 Rhd8 29. Ba5 Rxc1 30. Rxc1 Rd7 31. b3 Ke4 32. Kg3 Be3 33. Rc6 Rd3 34. Rxa6 Rxb3 35. Bb4 Bd2+ 36. Kf2 Bxb4 37. axb4 Kf4 38. Ra7 Rb2+ 39. Ke1 Kxg4 40. Rxg7+ Kxh4 0-1

[Event "Wroclaw Polonia op-B 2nd"]
[Site "Wroclaw"]
[Date "2007.04.22"]
[Round "9"]
[White "Wieczorek, Oskar"]
[Black "Golinski, Damian"]
[Result "1-0"]
[WhiteElo "2125"]
[BlackElo "1828"]
[PlyCount "127"]
[EventDate "2007.04.18"]
[EventType "swiss"]
[EventRounds "9"]
[EventCountry "POL"]
[SourceTitle "EXT 2011"]
[Source "ChessBase"]
[SourceDate "2010.11.26"]
[SourceVersion "1"]
[SourceVersionDate "2010.11.26"]
[SourceQuality "1"]

1. e4 e5 2. Nf3 Nc6 3. Bb5 a6 4. Ba4 Nf6 5. 0-0 Bc5 6. c3 b5 7. Bb3 d6 8. a4 Rb8 9. axb5 axb5 10. h3 0-0 11. d4 Bb6 12. Re1 h6 13. Na3 Ba7 14. Nxb5 Rxb5 15. Ba4 Ra5 16. b4 Nxb4 17. cxb4 Ra6 18. b5 Rb6 19. dxe5 dxe5 20. Ba3 Re8 21. Bc5 Rb7 22. b6 Bxb6 23. Bxb6 Rxb6 24. Bxe8 Qxe8 25. Ra5 Nd7 26. Qa4 c6 27. Nd2 Qe6 28. Ra8 Rb8 29. Rxb8 Nxb8 30. Rb1 Na6 31. Rb6 Nc5 32. Qxc6 Nd3 33. Qb5 Qd7 34. Qxd7 Bxd7 35. Rd6 Bb5 36. Rd5 Ba6 37. Ra5 Bb7 38. g3 f6 39. Kf1 Kh7 40. f3 Nb4 41. Kf2 Nc6 42. Rb5 Ba8 43. f4 g5 44. Ke3 Kg6 45. Nf3 gxf4+ 46. gxf4 exf4+ 47. Kxf4 Kf7 48. Nh4 Ne5 49. Ra5 Bc6 50. Ra7+ Bd7 51. Nf3 Kg6 52. Nxe5+ fxe5+ 53. Kxe5 Bxh3 54. Kd6 h5 55. e5 h4 56. e6 Bxe6 57. Kxe6 Kg5 58. Ke5 Kg4 59. Ke4 Kg3 60. Ke3 h3 61. Rg7+ Kh2 62. Kf2 Kh1 63. Kg3 h2 64. Ra7 1-0

[Event "Wroclaw Polonia op-B 2nd"]
[Site "Wroclaw"]
[Date "2007.04.20"]
[Round "5"]
[White "Golinski, Damian"]
[Black "Stankiewicz, Pawel"]
[Result "1-0"]
[WhiteElo "1828"]
[BlackElo "1707"]
[PlyCount "85"]
[EventDate "2007.04.18"]
[EventType "swiss"]
[EventRounds "9"]
[EventCountry "POL"]
[SourceTitle "EXT 2011"]
[Source "ChessBase"]
[SourceDate "2010.11.26"]
[SourceVersion "1"]
[SourceVersionDate "2010.11.26"]
[SourceQuality "1"]

1. e4 e6 2. d4 d5 3. Nd2 dxe4 4. Nxe4 Nd7 5. Nf3 Ngf6 6. Bd3 Be7 7. 0-0 0-0 8. Be3 b6 9. Ne5 Bb7 10. Qf3 Nxe4 11. Bxe4 Bxe4 12. Qxe4 Nxe5 13. dxe5 Qd5 14. Qxd5 exd5 15. Rad1 c6 16. f4 f6 17. e6 f5 18. c4 Rf6 19. cxd5 cxd5 20. Rxd5 Rxe6 21. Bf2 Bf6 22. b3 g6 23. Rc1 Rae8 24. Rc7 R8e7 25. Rdd7 Kf7 26. Rxa7 Rc6 27. Rxe7+ Bxe7 28. Bh4 Re6 29. Kf2 Ke8 30. Rxe7+ Rxe7 31. Bxe7 Kxe7 32. Ke3 Ke6 33. Kd4 Kd6 34. a4 h6 35. b4 g5 36. g3 g4 37. a5 bxa5 38. bxa5 Kc6 39. Ke5 Kb5 40. Kxf5 Kxa5 41. Ke6 Kb6 42. f5 Kc6 43. f6 1-0

[Event "Wloclawek Weekend Classic 2nd"]
[Site "Wloclawek"]
[Date "2007.03.23"]
[Round "2"]
[White "Golinski, Damian"]
[Black "Kulinski, Krzysztof"]
[Result "0-1"]
[WhiteElo "1811"]
[BlackElo "2092"]
[PlyCount "84"]
[EventDate "2007.03.23"]
[EventType "swiss"]
[EventRounds "5"]
[EventCountry "POL"]
[SourceTitle "EXT 2008"]
[Source "ChessBase"]
[SourceDate "2007.11.25"]
[SourceVersion "1"]
[SourceVersionDate "2007.11.25"]
[SourceQuality "1"]

1. e4 c6 2. d4 d5 3. Nd2 g6 4. c4 Bg7 5. cxd5 cxd5 6. Bb5+ Nc6 7. Ne2 Nf6 8. e5 Nd7 9. 0-0 0-0 10. f4 Qb6 11. Bxc6 bxc6 12. Nb3 Ba6 13. Kh1 e6 14. Bd2 c5 15. dxc5 Nxc5 16. Be3 Bxe2 17. Qxe2 Qa6 18. Qxa6 Nxa6 19. Rfc1 Rfb8 20. Bd4 Bf8 21. Na5 Nb4 22. Nc6 Nxc6 23. Rxc6 Rb4 24. Rd1 a5 25. g3 h5 26. a3 Rb3 27. Rdc1 h4 28. Rc8 Rxc8 29. Rxc8 Kg7 30. Bc3 h3 31. Kg1 a4 32. Kf1 Be7 33. Rc7 Bd8 34. Ra7 d4 35. Bxd4 Bb6 36. Rxa4 Bxd4 37. Rxd4 Rxb2 38. a4 Rxh2 39. a5 Rh1+ 40. Kf2 Ra1 41. g4 h2 42. a6 h1Q 0-1